Business law: BA 226 at lane community college. / (Record no. 1420)

MARC details
000 -LEADER
fixed length control field 01239nam a22001937a 4500
008 - FIXED-LENGTH DATA ELEMENTS--GENERAL INFORMATION
fixed length control field 120618t xxu||||| |||| 00| 0 eng d
020 ## - INTERNATIONAL STANDARD BOOK NUMBER
International Standard Book Number 0324621809
050 ## - LIBRARY OF CONGRESS CALL NUMBER
Classification number KF889.M621
100 ## - MAIN ENTRY--PERSONAL NAME
Personal name Miller, Roger LeRoy
245 ## - TITLE STATEMENT
Title Business law: BA 226 at lane community college. /
Statement of responsibility, etc. Roger LeRoy Miller and Gaylord A. Jentz.
250 ## - EDITION STATEMENT
Edition statement 7th ed.
260 ## - PUBLICATION, DISTRIBUTION, ETC.
Place of publication, distribution, etc. Australia:
Name of publisher, distributor, etc. Thomson,
Date of publication, distribution, etc. 2006.
300 ## - PHYSICAL DESCRIPTION
Extent 760 p.:
Other physical details ill.;
Dimensions 25cm.
500 ## - GENERAL NOTE
General note Includes index.
505 ## - FORMATTED CONTENTS NOTE
Formatted contents note Contents: The Historical and constitutional foundations -- Ethics and professional responsibility -- Traditional and online dispute resolution -- Intellectual property -- Criminal law and cyber crimes -- Sales and leases: formation, title and risk -- Sales and leases: performance and breach -- Warranties, product liability, and consumer law -- Creditors' rights and bankruptcy -- Agency -- Employment law -- The Entrepreneur's options -- Corporations -- Financing, investor protections, and online securities offerings -- Antitrust law -- Real property and environmental law -- Appendix A: The Constitution of the United States -- Appendix I: Answers to even-numbered for review questions.
650 ## - SUBJECT ADDED ENTRY--TOPICAL TERM
Topical term following geographic name entry element Business law.
700 ## - ADDED ENTRY--PERSONAL NAME
Personal name Jentz, Gaylord A.
942 ## - ADDED ENTRY ELEMENTS (KOHA)
Source of classification or shelving scheme Library of Congress Classification
Koha item type Books
Holdings
Withdrawn status Lost status Source of classification or shelving scheme Damaged status Not for loan Home library Current library Shelving location Date acquired Total Checkouts Full call number Barcode Date last seen Price effective from Koha item type
    Library of Congress Classification     WISCONSIN INTERNATIONAL UNIVERSITY COLLEGE, GHANA - MAIN LIBRARY WISCONSIN INTERNATIONAL UNIVERSITY COLLEGE, GHANA - MAIN LIBRARY General Stacks 18/06/2012   KF889.M621 3994/12 18/06/2012 18/06/2012 Books

If you have any concerns or questions; kindly contact the library


© Powered by WIUC ICT DIRECTORATE